|
|
|
|
| LEADER |
00670nta a2200193 i 4500 |
| 001 |
dipl90639 |
| 005 |
20200622073233.0 |
| 008 |
200622s2019 hu om 0|| zxx d |
| 040 |
|
|
|a SZTE Diploma Repozitórium
|b hun
|
| 041 |
|
|
|a zxx
|
| 100 |
1 |
|
|a Szarka Valter Sándor
|
| 245 |
1 |
0 |
|a Vándorlás
|h [elektronikus dokumentum] /
|c Valter Sándor Szarka
|
| 246 |
1 |
0 |
|a Wandering
|h [elektronikus dokumentum]
|
| 260 |
|
|
|c 2019
|
| 650 |
|
4 |
|a Pedagógusképzés
|
| 650 |
|
4 |
|a Arts, art history
|
| 650 |
|
4 |
|a Visual arts, performing arts, design
|
| 700 |
1 |
|
|a Gál Lehel József
|e ths
|
| 856 |
4 |
0 |
|u http://diploma.bibl.u-szeged.hu/id/eprint/90639/1/2019_szarka_valter_sandor.pdf
|z Dokumentum-elérés
|